|
|
|
|
| LEADER |
00000naa2a2200000 4500 |
| 001 |
685955 |
| 005 |
20260403135012.0 |
| 090 |
|
|
|a 685955
|
| 100 |
|
|
|a 20260403d2025 k||y0rusy50 ca
|
| 101 |
0 |
|
|a rus
|
| 102 |
|
|
|a RU
|
| 135 |
|
|
|a drcn ---uucaa
|
| 200 |
1 |
|
|a Анализ процессов тепло и массопереноса при испарении капель охлаждающих жидкостей на пористых поверхностях
|f А. М. Плюснин, А. А. Баранова, Л. В. Захаров, К. В. Дроздов
|g науч. рук. С. В. Сыродой
|
| 283 |
|
|
|2 RDAcarrier
|
| 320 |
|
|
|a Список литературы: 3 назв
|
| 336 |
|
|
|a Текстовый файл
|
| 463 |
|
1 |
|0 685753
|9 685753
|t Бутаковские чтения
|o сборник статей V Всероссийской с международным участием молодёжной конференции, 9-11 декабря 2025 г., Томск
|n Изд-во ТПУ
|c Томск
|d 2025
|u conference_tpu-2025-C133.pdf
|v С. 261-262
|
| 545 |
1 |
|
|a Теплофизические аспекты энергетических технологий
|
| 610 |
1 |
|
|a труды учёных ТПУ
|
| 610 |
1 |
|
|a электронный ресурс
|
| 610 |
1 |
|
|a испарение
|
| 610 |
1 |
|
|a капли
|
| 610 |
1 |
|
|a терморегулирование
|
| 610 |
1 |
|
|a охлаждение
|
| 701 |
|
1 |
|a Плюснин
|b А. М.
|c теплоэнергетик
|c инженер Томского политехнического университета
|f 2001-
|g Антон Максимович
|9 89222
|
| 701 |
|
1 |
|a Баранова
|b А. А.
|c специалист в области теплоэнергетики
|c инженер Томского политехнического университета, кандидат технических наук
|f 1994-
|g Анастасия Андреевна
|y Томск
|9 89223
|
| 701 |
|
1 |
|a Захаров
|b Л. В.
|
| 701 |
|
1 |
|a Дроздов
|b К. В.
|
| 702 |
|
1 |
|a Сыродой
|b С. В.
|c специалист в области теплотехники
|c профессор Томского политехнического университета, доктор технических наук
|f 1988-
|g Семен Владимирович
|4 727
|
| 801 |
|
0 |
|a RU
|b 63413507
|c 20260403
|
| 850 |
|
|
|a 63413507
|
| 856 |
4 |
0 |
|u conference_tpu-2025-C133_p261-262.pdf
|z conference_tpu-2025-C133_p261-262.pdf
|
| 942 |
|
|
|c CF
|